000 00663nam a2200241Ia 4500
003 OSt
005 20220918192528.0
006 a|||||r|||| 00| 0
007 ta
008 220917b |||||||| |||| 00| 0 eng d
024 _a68,834
037 _cTextual
040 _aARTS
_cARTS
_beng
041 _2eng
_aeng
082 _aR3, L9
100 _aPowell Robert
_979333
245 0 _aReturn to meaningfulness
_b how to live with the emptiness and find oneself
260 _aNew Delhi
_bAronold-Heinemann
_c1979
300 _a199p.
_ccm.
500 _aAppendix 171-90p
942 _hR3, L9
_cTEXL
_2CC
999 _c195005
_d195005